Normal view
MARC view
- التعليم-فلسفة. التربية
Entry Topical Term
001 - CONTROL NUMBER
- control field: 13561
003 - CONTROL NUMBER IDENTIFIER
- control field: JO-AjAnu
005 - DATE AND TIME OF LATEST TRANSACTION
- control field: 20230606072452.0
008 - FIXED-LENGTH DATA ELEMENTS
- fixed length control field: 230606|| aca||aabn | a|a d
040 ## - CATALOGING SOURCE
- Original cataloging agency: JO-AjAnu
- Transcribing agency: JO-AjAnu
150 ## - HEADING--TOPICAL TERM
- Topical term or geographic name entry element: التعليم-فلسفة. التربية
670 ## - SOURCE DATA FOUND
- Source citation: Work cat.: (JO-AjAnu)6976: عكيلة،محمد مؤلف/هوانة،سمير عبد اللطيف م.مشارك/طه،حسين جميل م.مشارك, author 13560, مدخل إلى مبادئ التربية